00722nam a2200241 a 450000100060000000300080000600500170001400800410003102000170007203500190008904000270010804100080013508200260014310000190016924500890018825000120027726000430028930000350033250400370036765000260040465000280043070000220045867071BD-RjUL20211209081619.0170322s2003 nyua b 001 0 eng d a0471211877 : a(BD-RjUL)67202 aDLCcDLCdBD-RjULbeng aeng04a150.724223bKIS 20031 aKing, Bruce M.10aStatistical reasoning in psychology and education /cBruce M. King, Edward W. Minium a4th ed. aNew York :bJ. Wiley and Sons,cc2003. axxii, 550 p. :bill. ;c26 cm. aIncludes bibliography and index. 0aExperimental Research 0aEducational statistics.1 aMinium, Edward W.